Statistics for Major Exports in Russia-Area countries

Click here to take the quiz!

General Stats

  • This quiz has been taken 21 times
  • The average score is 13 of 40

Answer Stats

Country Answer % Correct
RussiaOil
80%
Iron and Steel
80%
AzerbaijanOil and Gas
80%
Motor Vehicles
73%
Food
67%
Fuel
67%
Naturas Gas
67%
Wood
60%
Timber
47%
Wood
40%
ArmeniaDiamonds
33%
GeorgiaScrap Metal
27%
Metals
27%
Textiles
27%
Chemicals
20%
Paper
20%
Citrus
20%
Fur
20%
Furniture
13%
FinlandMachinery
7%
SwedenMachinery
7%
Cotton
7%
LithuaniaMinerals
7%
Minerals
0%
Metals
0%

Score Distribution

Percentile by Number Answered

Percent of People with Each Score

Your Score History

You have not taken this quiz